<?xml version="1.0" encoding="UTF-8"?><marc:collection xmlns:marc="http://www.loc.gov/MARC21/slim">
  <marc:record>
    <marc:leader>02356nas a2200541 c 4500</marc:leader>
    <marc:controlfield tag="001">01002753X</marc:controlfield>
    <marc:controlfield tag="003">DE-101</marc:controlfield>
    <marc:controlfield tag="005">20220903040534.0</marc:controlfield>
    <marc:controlfield tag="007">tu</marc:controlfield>
    <marc:controlfield tag="008">991118d19691997gw f||p|  w|| 0||||1ger c</marc:controlfield>
    <marc:datafield tag="016" ind1="7" ind2=" ">
      <marc:subfield code="2">DE-600</marc:subfield>
      <marc:subfield code="a">2029-1</marc:subfield>
    </marc:datafield>
    <marc:datafield tag="016" ind1="7" ind2=" ">
      <marc:subfield code="2">DE-101</marc:subfield>
      <marc:subfield code="a">01002753X</marc:subfield>
    </marc:datafield>
    <marc:datafield tag="022" ind1=" " ind2=" ">
      <marc:subfield code="a">0175-5293</marc:subfield>
    </marc:datafield>
    <marc:datafield tag="035" ind1=" " ind2=" ">
      <marc:subfield code="a">(DE-599)ZDB2029-1</marc:subfield>
    </marc:datafield>
    <marc:datafield tag="035" ind1=" " ind2=" ">
      <marc:subfield code="a">(OCoLC)1367280478</marc:subfield>
    </marc:datafield>
    <marc:datafield tag="040" ind1=" " ind2=" ">
      <marc:subfield code="a">9001</marc:subfield>
      <marc:subfield code="b">ger</marc:subfield>
      <marc:subfield code="c">DE-101</marc:subfield>
      <marc:subfield code="d">9999</marc:subfield>
    </marc:datafield>
    <marc:datafield tag="041" ind1=" " ind2=" ">
      <marc:subfield code="a">ger</marc:subfield>
    </marc:datafield>
    <marc:datafield tag="042" ind1=" " ind2=" ">
      <marc:subfield code="a">zdb</marc:subfield>
    </marc:datafield>
    <marc:datafield tag="044" ind1=" " ind2=" ">
      <marc:subfield code="c">XA-DE</marc:subfield>
    </marc:datafield>
    <marc:datafield tag="082" ind1="7" ind2="4">
      <marc:subfield code="a">340</marc:subfield>
      <marc:subfield code="q">DE-600</marc:subfield>
      <marc:subfield code="2">22sdnb</marc:subfield>
    </marc:datafield>
    <marc:datafield tag="084" ind1=" " ind2=" ">
      <marc:subfield code="a">19</marc:subfield>
      <marc:subfield code="a">17</marc:subfield>
      <marc:subfield code="a">78</marc:subfield>
      <marc:subfield code="a">340</marc:subfield>
      <marc:subfield code="a">360</marc:subfield>
      <marc:subfield code="q">DE-101</marc:subfield>
      <marc:subfield code="2">sdnb</marc:subfield>
    </marc:datafield>
    <marc:datafield tag="245" ind1="0" ind2="0">
      <marc:subfield code="a">Dokumentation deutsche Finanzrechtsprechung</marc:subfield>
      <marc:subfield code="b">DFR ; BFHE, HFR, BstBl, ERFG ; Nachschlagewerk ... über die Entscheidungen des Bundesfinanzhofs, der Deutschen Finanzgerichte, des Bundesverfassungsgerichts und anderer oberster Gerichtshöfe des Bundes</marc:subfield>
    </marc:datafield>
    <marc:datafield tag="246" ind1="3" ind2=" ">
      <marc:subfield code="a">DFR</marc:subfield>
    </marc:datafield>
    <marc:datafield tag="246" ind1="3" ind2=" ">
      <marc:subfield code="a">Deutsche Finanzrechtsprechung</marc:subfield>
    </marc:datafield>
    <marc:datafield tag="264" ind1="3" ind2="1">
      <marc:subfield code="a">Bonn</marc:subfield>
      <marc:subfield code="a">München</marc:subfield>
      <marc:subfield code="b">Stollfuss</marc:subfield>
      <marc:subfield code="c">1969-1997</marc:subfield>
    </marc:datafield>
    <marc:datafield tag="336" ind1=" " ind2=" ">
      <marc:subfield code="a">Text</marc:subfield>
      <marc:subfield code="b">txt</marc:subfield>
      <marc:subfield code="2">rdacontent</marc:subfield>
    </marc:datafield>
    <marc:datafield tag="337" ind1=" " ind2=" ">
      <marc:subfield code="a">ohne Hilfsmittel zu benutzen</marc:subfield>
      <marc:subfield code="b">n</marc:subfield>
      <marc:subfield code="2">rdamedia</marc:subfield>
    </marc:datafield>
    <marc:datafield tag="338" ind1=" " ind2=" ">
      <marc:subfield code="a">Band</marc:subfield>
      <marc:subfield code="b">nc</marc:subfield>
      <marc:subfield code="2">rdacarrier</marc:subfield>
    </marc:datafield>
    <marc:datafield tag="362" ind1="0" ind2=" ">
      <marc:subfield code="a">Folge 1.1966/68(1969) - 58.1996/97(1997),1; damit Ersch. eingest.</marc:subfield>
    </marc:datafield>
    <marc:datafield tag="363" ind1="0" ind2="0">
      <marc:subfield code="8">1.1\x</marc:subfield>
      <marc:subfield code="a">1</marc:subfield>
      <marc:subfield code="i">1966/68</marc:subfield>
    </marc:datafield>
    <marc:datafield tag="363" ind1="1" ind2="0">
      <marc:subfield code="8">1.2\x</marc:subfield>
      <marc:subfield code="a">58</marc:subfield>
      <marc:subfield code="b">1</marc:subfield>
      <marc:subfield code="i">1996/97</marc:subfield>
    </marc:datafield>
    <marc:datafield tag="583" ind1="1" ind2=" ">
      <marc:subfield code="a">Archivierung/Langzeitarchivierung gewährleistet</marc:subfield>
      <marc:subfield code="c">2020</marc:subfield>
      <marc:subfield code="f">PENW</marc:subfield>
      <marc:subfield code="5">DE-5</marc:subfield>
      <marc:subfield code="2">pdager</marc:subfield>
    </marc:datafield>
    <marc:datafield tag="591" ind1=" " ind2=" ">
      <marc:subfield code="a">385!</marc:subfield>
    </marc:datafield>
    <marc:datafield tag="648" ind1=" " ind2="7">
      <marc:subfield code="a">Geschichte 1966-1997</marc:subfield>
      <marc:subfield code="9">rswk-swf</marc:subfield>
      <marc:subfield code="2">gnd</marc:subfield>
    </marc:datafield>
    <marc:datafield tag="650" ind1=" " ind2="7">
      <marc:subfield code="0">(DE-588)4116614-0</marc:subfield>
      <marc:subfield code="0">https://d-nb.info/gnd/4116614-0</marc:subfield>
      <marc:subfield code="0">(DE-101)041166140</marc:subfield>
      <marc:subfield code="a">Steuerrecht</marc:subfield>
      <marc:subfield code="9">rswk-swf</marc:subfield>
      <marc:subfield code="2">gnd</marc:subfield>
    </marc:datafield>
    <marc:datafield tag="651" ind1=" " ind2="7">
      <marc:subfield code="0">(DE-588)4011882-4</marc:subfield>
      <marc:subfield code="0">https://d-nb.info/gnd/4011882-4</marc:subfield>
      <marc:subfield code="0">(DE-101)040118827</marc:subfield>
      <marc:subfield code="a">Deutschland</marc:subfield>
      <marc:subfield code="9">rswk-swf</marc:subfield>
      <marc:subfield code="2">gnd</marc:subfield>
    </marc:datafield>
    <marc:datafield tag="655" ind1=" " ind2="7">
      <marc:subfield code="0">(DE-588)4067488-5</marc:subfield>
      <marc:subfield code="0">https://d-nb.info/gnd/4067488-5</marc:subfield>
      <marc:subfield code="0">(DE-101)040674886</marc:subfield>
      <marc:subfield code="a">Zeitschrift</marc:subfield>
      <marc:subfield code="2">gnd-content</marc:subfield>
    </marc:datafield>
    <marc:datafield tag="655" ind1=" " ind2="7">
      <marc:subfield code="0">(DE-588)4152408-1</marc:subfield>
      <marc:subfield code="0">https://d-nb.info/gnd/4152408-1</marc:subfield>
      <marc:subfield code="0">(DE-101)04152408X</marc:subfield>
      <marc:subfield code="a">Entscheidungssammlung</marc:subfield>
      <marc:subfield code="2">gnd-content</marc:subfield>
    </marc:datafield>
    <marc:datafield tag="655" ind1=" " ind2="7">
      <marc:subfield code="0">(DE-588)4066724-8</marc:subfield>
      <marc:subfield code="0">https://d-nb.info/gnd/4066724-8</marc:subfield>
      <marc:subfield code="0">(DE-101)040667243</marc:subfield>
      <marc:subfield code="a">Wörterbuch</marc:subfield>
      <marc:subfield code="2">gnd-content</marc:subfield>
    </marc:datafield>
    <marc:datafield tag="655" ind1=" " ind2="7">
      <marc:subfield code="a">Wörterbuch</marc:subfield>
      <marc:subfield code="9">rswk-swf</marc:subfield>
      <marc:subfield code="2">gnd</marc:subfield>
    </marc:datafield>
    <marc:datafield tag="689" ind1="0" ind2="0">
      <marc:subfield code="0">(DE-588)4011882-4</marc:subfield>
      <marc:subfield code="0">https://d-nb.info/gnd/4011882-4</marc:subfield>
      <marc:subfield code="0">(DE-101)040118827</marc:subfield>
      <marc:subfield code="D">g</marc:subfield>
      <marc:subfield code="a">Deutschland</marc:subfield>
    </marc:datafield>
    <marc:datafield tag="689" ind1="0" ind2="1">
      <marc:subfield code="0">(DE-588)4116614-0</marc:subfield>
      <marc:subfield code="0">https://d-nb.info/gnd/4116614-0</marc:subfield>
      <marc:subfield code="0">(DE-101)041166140</marc:subfield>
      <marc:subfield code="D">s</marc:subfield>
      <marc:subfield code="a">Steuerrecht</marc:subfield>
    </marc:datafield>
    <marc:datafield tag="689" ind1="0" ind2="2">
      <marc:subfield code="A">z</marc:subfield>
      <marc:subfield code="a">Geschichte 1966-1997</marc:subfield>
    </marc:datafield>
    <marc:datafield tag="689" ind1="0" ind2="3">
      <marc:subfield code="A">f</marc:subfield>
      <marc:subfield code="a">Wörterbuch</marc:subfield>
    </marc:datafield>
    <marc:datafield tag="689" ind1="0" ind2=" ">
      <marc:subfield code="5">DE-188</marc:subfield>
      <marc:subfield code="5">DE-602</marc:subfield>
    </marc:datafield>
    <marc:datafield tag="850" ind1=" " ind2=" ">
      <marc:subfield code="a">DE-101a</marc:subfield>
      <marc:subfield code="a">DE-101b</marc:subfield>
    </marc:datafield>
    <marc:datafield tag="889" ind1=" " ind2=" ">
      <marc:subfield code="w">(DE-101)944728588</marc:subfield>
    </marc:datafield>
    <marc:datafield tag="925" ind1="r" ind2=" ">
      <marc:subfield code="a">ra</marc:subfield>
    </marc:datafield>
  </marc:record>
</marc:collection>
